<?xml version="1.0" encoding="UTF-8"?>
<record
    xmlns:xsi="http://www.w3.org/2001/XMLSchema-instance"
    xsi:schemaLocation="http://www.loc.gov/MARC21/slim http://www.loc.gov/standards/marcxml/schema/MARC21slim.xsd"
    xmlns="http://www.loc.gov/MARC21/slim">

  <leader>01189nam0a22003131  4500</leader>
  <controlfield tag="001">RU\NLR\INFOCOMM_190\5000060995</controlfield>
  <controlfield tag="005">20250613094439.0</controlfield>
  <datafield tag="010" ind1=" " ind2=" ">
    <subfield code="9">11325 &#x44D;&#x43A;&#x437;.</subfield>
    <subfield code="a">5-01-002230-3</subfield>
  </datafield>
  <datafield tag="035" ind1=" " ind2=" ">
    <subfield code="a">(NLR Aleph) 009262693</subfield>
  </datafield>
  <datafield tag="090" ind1=" " ind2=" ">
    <subfield code="a">9053059</subfield>
    <subfield code="c">9053059</subfield>
  </datafield>
  <datafield tag="100" ind1=" " ind2=" ">
    <subfield code="a">20100812d1989    |||y0rusy50      ca</subfield>
  </datafield>
  <datafield tag="101" ind1="1" ind2=" ">
    <subfield code="a">fre</subfield>
    <subfield code="c">rus</subfield>
  </datafield>
  <datafield tag="102" ind1=" " ind2=" ">
    <subfield code="a">RU</subfield>
    <subfield code="a">CU</subfield>
  </datafield>
  <datafield tag="105" ind1=" " ind2=" ">
    <subfield code="a">y   ||||000|y</subfield>
  </datafield>
  <datafield tag="200" ind1="1" ind2=" ">
    <subfield code="a">Denis Diderot</subfield>
    <subfield code="e">[La vie et l'&#x153;uvre]</subfield>
    <subfield code="f">Tamara B. Dl&#xFA;gach</subfield>
    <subfield code="g">[Trad. del ruso: F&#xE9;liz de la Uz P&#xE9;rez]</subfield>
  </datafield>
  <datafield tag="210" ind1=" " ind2=" ">
    <subfield code="a">&#x39C;.</subfield>
    <subfield code="a">La Habana</subfield>
    <subfield code="c">Progreso</subfield>
    <subfield code="c">Ed. de ciencias sociales</subfield>
    <subfield code="d">1989 (&#x88;Cop.&#x89; 1990)</subfield>
  </datafield>
  <datafield tag="215" ind1=" " ind2=" ">
    <subfield code="a">229 &#x441;.</subfield>
    <subfield code="d">16 &#x441;&#x43C;</subfield>
  </datafield>
  <datafield tag="225" ind1="1" ind2=" ">
    <subfield code="a">Ediciones polit.</subfield>
  </datafield>
  <datafield tag="300" ind1=" " ind2=" ">
    <subfield code="a">&#x412; &#x432;&#x44B;&#x43F;. &#x434;&#x430;&#x43D;.: &#x414;&#x435;&#x43D;&#x438; &#x414;&#x438;&#x434;&#x440;&#x43E;: &#x41D;&#x430;&#x443;&#x447;. &#x43C;&#x43E;&#x43D;&#x43E;&#x433;&#x440;. / &#x414;&#x43B;&#x443;&#x433;&#x430;&#x447; &#x422;&#x430;&#x43C;&#x430;&#x440;&#x430; &#x411;&#x43E;&#x440;&#x438;&#x441;&#x43E;&#x432;&#x43D;&#x430;</subfield>
  </datafield>
  <datafield tag="320" ind1=" " ind2=" ">
    <subfield code="a">&#x411;&#x438;&#x431;&#x43B;&#x438;&#x43E;&#x433;&#x440;.: &#x441;. 227-228</subfield>
  </datafield>
  <datafield tag="686" ind1=" " ind2=" ">
    <subfield code="a">&#x42E;3(4&#x424;&#x440;)5-535.111</subfield>
    <subfield code="2">rubbk</subfield>
  </datafield>
  <datafield tag="700" ind1=" " ind2="1">
    <subfield code="9">z01790</subfield>
    <subfield code="a">Dluga&#x10D;</subfield>
    <subfield code="b">T. B.</subfield>
    <subfield code="f">1935-</subfield>
    <subfield code="g">Tamara Borisovna</subfield>
    <subfield code="4">070</subfield>
  </datafield>
  <datafield tag="702" ind1=" " ind2="1">
    <subfield code="4">070</subfield>
    <subfield code="7">ba</subfield>
    <subfield code="8">fre</subfield>
    <subfield code="a">Diderot</subfield>
    <subfield code="b">D.</subfield>
    <subfield code="f">1713-1784</subfield>
    <subfield code="g">Denis</subfield>
    <subfield code="9">213897</subfield>
    <subfield code="3">RU\NLR\AUTH\770213953</subfield>
  </datafield>
  <datafield tag="790" ind1=" " ind2="1">
    <subfield code="9">z01700</subfield>
    <subfield code="a">Dl&#xFA;gach</subfield>
    <subfield code="b">T. B.</subfield>
    <subfield code="g">Tamara B.</subfield>
    <subfield code="4">070</subfield>
  </datafield>
  <datafield tag="801" ind1=" " ind2="1">
    <subfield code="a">RU</subfield>
    <subfield code="b">NLR</subfield>
    <subfield code="c">20100812</subfield>
  </datafield>
  <datafield tag="801" ind1=" " ind2="0">
    <subfield code="a">RU</subfield>
    <subfield code="b">NLR</subfield>
    <subfield code="g">PSBO</subfield>
  </datafield>
  <datafield tag="852" ind1=" " ind2=" ">
    <subfield code="a">NLR</subfield>
    <subfield code="j">&#x424;31 &#x414;-1/19</subfield>
  </datafield>
  <datafield tag="942" ind1=" " ind2=" ">
    <subfield code="c">BOOK</subfield>
  </datafield>
  <datafield tag="980" ind1=" " ind2=" ">
    <subfield code="a">NB</subfield>
  </datafield>
  <datafield tag="995" ind1=" " ind2=" ">
    <subfield code="5">2013-10-26</subfield>
    <subfield code="b">NLR01</subfield>
    <subfield code="c">NLR01</subfield>
    <subfield code="e">IF</subfield>
    <subfield code="f">9262693-10</subfield>
    <subfield code="k">&#x424;31 &#x414;-1/19</subfield>
    <subfield code="o">0</subfield>
    <subfield code="r">BOOK</subfield>
    <subfield code="s">31_119</subfield>
  </datafield>
</record>
